Economics in action : (Record no. 3428)

MARC details
000 -LEADER
fixed length control field 00713cam a2200229 4500
001 - CONTROL NUMBER
control field 4177
005 - DATE AND TIME OF LATEST TRANSACTION
control field 20181127172803.0
008 - FIXED-LENGTH DATA ELEMENTS--GENERAL INFORMATION
fixed length control field 130710s2013 ii b 001 0 eng
010 ## - LIBRARY OF CONGRESS CONTROL NUMBER
LC control number 2013026823
020 ## - INTERNATIONAL STANDARD BOOK NUMBER
International Standard Book Number 9788132111245 (pbk. : alk. paper)
100 1# - MAIN ENTRY--PERSONAL NAME
Personal name Santhakumar, V.
245 10 - TITLE STATEMENT
Title Economics in action :
Remainder of title an easy guide for development practitioners /
Statement of responsibility, etc. V. Santhakumar.
264 #1 - PRODUCTION, PUBLICATION, DISTRIBUTION, MANUFACTURE, AND COPYRIGHT NOTICE
Place of production, publication, distribution, manufacture New Delhi :
Name of producer, publisher, distributor, manufacturer SAGE,
Date of production, publication, distribution, manufacture, or copyright notice 2013.
300 ## - PHYSICAL DESCRIPTION
Extent 350 pages. ; 26 cm.
336 ## - CONTENT TYPE
Content type term text
Source rdacontent
337 ## - MEDIA TYPE
Media type term unmediated
Source rdamedia
338 ## - CARRIER TYPE
Carrier type term volume
Source rdacarrier
504 ## - BIBLIOGRAPHY, ETC. NOTE
Bibliography, etc. note Includes bibliographical references and index.
650 #0 - SUBJECT ADDED ENTRY--TOPICAL TERM
Topical term or geographic name entry element Development economics.
Topical term or geographic name entry element Economic development.
Topical term or geographic name entry element Economics.
Holdings
Withdrawn status Lost status Source of classification or shelving scheme Damaged status Not for loan Collection code Home library Current library Shelving location Serial Enumeration / chronology Inventory number Total Checkouts Total Renewals Full call number Barcode Date last seen Date last checked out Price effective from Koha item type
    Dewey Decimal Classification     Main TEST RTC Library RTC Library Main opac 4824 2 2 338.9 SAN 30007052 13/06/2019 04/06/2019 27/11/2018 Main
Royal Thimphu College || All Right Reserved